00707nam a2200217Ia 4500003000900000008004100009040001300050040001300063041000800076100002200084245008500106250000900191260002900200260000900229300001000238300001000248490000600258942000700264999001700271952020100288IT-RoPAU120407s9999 xx 000 0 und d aIT-RoPAU cIT-RoPAU aita aLuigi Della Torre aIn copia verso il matrimonio. Cammino di fede per vivere il matrimonio cristiano aRoma aCentro Catechistico EP  c1980 a80 p. c21 cm v1 cBK c36825d36825 00102ddc406257_300000000000000_6771aPAULUSbPAULUSd2012-04-11l0o257.3.67r2012-04-11 00:00:00w2012-04-11yBKzInserito da: Mario In data: 06 agosto 2011 fondo: Via A.Severo 56 Progr:15089